000 00454nam a2200181Ia 4500
008 221030s9999 xx 000 0 und d
020 _a8120307232
041 _aEnglish
082 _a105.23
_bToc
100 _aR. J. Tocci
245 0 _aDigital Systems Principles & Applications
_cby R. J. Tocci, N. S. Widmer
250 _a6th
260 _bPHI
_aNew Delhi
_c2000
300 _a827
650 _aBE Computer
700 _aN. S. Widmer
942 _cBK
999 _c6617
_d6617